| 000 -LEADER |
| fixed length control field |
01357nam a2200265Ia 4500 |
| 001 - CONTROL NUMBER |
| control field |
23767 |
| 003 - CONTROL NUMBER IDENTIFIER |
| control field |
GE_BSU |
| 008 - FIXED-LENGTH DATA ELEMENTS--GENERAL INFORMATION |
| fixed length control field |
181216s||||||||xx |||||||||||||| ||und|| |
| 040 ## - CATALOGING SOURCE |
| Transcribing agency |
GE_BSU |
| 080 ## - UNIVERSAL DECIMAL CLASSIFICATION NUMBER |
| Universal Decimal Classification number |
316(479.22)(092) + 94(479.223) |
| 100 ## - MAIN ENTRY--PERSONAL NAME |
| Personal name |
სურგულაძე, აბელ |
| 245 ## - TITLE STATEMENT |
| Title |
ცხოვრება და ღვაწლი ჰაიდარ აბაშიძისა |
| 245 ## - TITLE STATEMENT |
| Statement of responsibility, etc. |
რედ.: ნუგზარ ჯაფარიძე |
| 250 ## - EDITION STATEMENT |
| Edition statement |
ბათუმის შოთა რუსთაველის სახ-ფო უნ-ტი. საქ. ისტორიის კათედრა. |
| 260 ## - PUBLICATION, DISTRIBUTION, ETC. |
| Place of publication, distribution, etc. |
ბათუმი |
| 260 ## - PUBLICATION, DISTRIBUTION, ETC. |
| Name of publisher, distributor, etc. |
აჭარა |
| 260 ## - PUBLICATION, DISTRIBUTION, ETC. |
| Date of publication, distribution, etc. |
1994 |
| 300 ## - PHYSICAL DESCRIPTION |
| Extent |
96გვ. ; 22სმ. |
| 300 ## - PHYSICAL DESCRIPTION |
| Accompanying material |
ბიბლიოგრ. ტექსტის შენიშვნ |
| 520 ## - SUMMARY, ETC. |
| Summary, etc. |
წიგნს ახლავს ავტორის მინაწერი. |
| 653 ## - INDEX TERM--UNCONTROLLED |
| Uncontrolled term |
ქართველი საზოგადო მოღვაწეები; საზოგადოებრივი აზრის ისტორია საქართველოში; აჭარის ისტორია |
| 653 ## - INDEX TERM--UNCONTROLLED |
| Uncontrolled term |
ცხოვრება და ღვაწლი ჰაიდარ აბაშიძისა |
| 942 ## - ADDED ENTRY ELEMENTS (KOHA) |
| Koha item type |
წიგნი |